[Event "Kalavryta Rapid"]
[Site "Kalavryta"]
[Date "2013.12.07"]
[Round "2.1"]
[White "Spiliopoulos, Alexios"]
[Black "Sienczewski, Zbigniew"]
[Result "1/2-1/2"]
[WhiteElo "1948"]
[BlackElo "2212"]
[PlyCount "24"]
[EventDate "2013.12.07"]
[EventType "swiss (rapid)"]
[EventRounds "7"]
[EventCountry "GRE"]
[SourceTitle "EXT 2024"]
[Source "ChessBase"]
[SourceDate "2023.10.10"]
[SourceVersion "1"]
[SourceVersionDate "2023.10.10"]
[SourceQuality "1"]

1. e4 d6 2. d4 Nf6 3. Nc3 g6 4. Nf3 Bg7 5. h3 0-0 6. Be3 Nc6 7. Be2 e5 8. d5 Ne7 9. 0-0 Nh5 10. Ng5 Nf4 11. Bxf4 exf4 12. Nf3 h6 1/2-1/2